000 00485nam a2200193Ia 4500
005 20240823050216.0
008 240823s9999||||xx |||||||||||||| ||und||
020 _a978-81-203-2671-2
041 _aENGLISH
082 _A621.564 Q2
100 _aAhmadul Ameen
245 0 _aRefrigeration and Air Conditioning
250 _a1st
260 _c2012
_bPHI Learning Pv
500 _aYES
650 _aRefrigeration and Air-Conditioning
_bMechanical
942 _cBK
999 _c216725
_d216725